Catalog

Record Details

Catalog Search



Fond her 2 : výběr her a programů připravených pro kurzy Instruktorů Brno  Cover Image Book Book

Fond her 2 : výběr her a programů připravených pro kurzy Instruktorů Brno / Martin Hanzálek, Matěj Píro, ed.

Hanzálek, Martin (Editor). Píro, Matěj (Editor).

Record details

  • ISBN: 978-80-270-7586-7
  • Physical Description: 185 stran : ilustrace ; 23 cm
  • Edition: Vydání první
  • Publisher: Brno : Instruktoři Brno, z.s., 2020

Content descriptions

General Note:
Název z obálky
Bibliography, etc. Note:
Obsahuje bibliografické odkazy
Subject: volný čas
zážitková pedagogika
hry
hry v přírodě
sociálněpsychologické hry
pohybové hry
leisure
experience pedagogy
games
outdoor games
social psychological games
movement games
Genre: příručky
handbooks and manuals

Available copies

  • 1 of 1 copy available at Common Catalog SPOK.

Holds

  • 0 current holds with 1 total copy.
Show Only Available Copies
Location Call Number / Copy Notes Barcode Shelving Location Status Due Date
Jabok Library Ped-9.3/H
Pořízeno z projektu Inovace VOV: CZ.02.3.68/0.0/0.0/16_041/0008052
424480043185 Odborná literatura Available -

LDR 01926nam a2200553 i 4500
00146562
003CZ-PrJAB
00520200611130238.0
007ta
008200318s2020 xr a e f 000 0 cze
015 . ‡acnb003181436
020 . ‡a978-80-270-7586-7 ‡q(brožováno)
035 . ‡a(CZ PrNK)nkc20203181436
040 . ‡aOLA001 ‡bcze ‡erda
072 7. ‡a79 ‡xRekreace. Volný čas. Zábava. Hry. Sport ‡2Konspekt ‡920
080 . ‡a79 ‡2MRF
080 . ‡a37.01:159.923.35 ‡2MRF
080 . ‡a379.8:793/796 ‡2MRF
080 . ‡a37.091.33:316.6 ‡2MRF
080 . ‡a796.2 ‡2MRF
080 . ‡a(035) ‡2MRF
24500. ‡aFond her 2 : ‡bvýběr her a programů připravených pro kurzy Instruktorů Brno / ‡cMartin Hanzálek, Matěj Píro, ed.
24630. ‡aVýběr her a programů připravených pro kurzy Instruktorů Brno
250 . ‡aVydání první
264 1. ‡aBrno : ‡bInstruktoři Brno, z.s., ‡c2020
300 . ‡a185 stran : ‡bilustrace ; ‡c23 cm
336 . ‡atext ‡btxt ‡2rdacontent
337 . ‡abez média ‡bn ‡2rdamedia
338 . ‡asvazek ‡bnc ‡2rdacarrier
500 . ‡aNázev z obálky
504 . ‡aObsahuje bibliografické odkazy
65007. ‡avolný čas ‡7ph127235 ‡2czenas
65007. ‡azážitková pedagogika ‡7ph446678 ‡2czenas
65007. ‡ahry ‡7ph114716 ‡2czenas
65007. ‡ahry v přírodě ‡7ph120866 ‡2czenas
65007. ‡asociálněpsychologické hry ‡7ph173208 ‡2czenas
65007. ‡apohybové hry ‡7ph124204 ‡2czenas
65009. ‡aleisure ‡2eczenas
65009. ‡aexperience pedagogy ‡2eczenas
65009. ‡agames ‡2eczenas
65009. ‡aoutdoor games ‡2eczenas
65009. ‡asocial psychological games ‡2eczenas
65009. ‡amovement games ‡2eczenas
655 7. ‡apříručky ‡7fd133209 ‡2czenas
655 9. ‡ahandbooks and manuals ‡2eczenas
7001 . ‡aHanzálek, Martin ‡7jo20201074693 ‡4edt
7001 . ‡aPíro, Matěj ‡7jo20201074690 ‡4edt
910 . ‡aABG312
995 . ‡aska
901 . ‡a46562 ‡bCZ PrNK ‡c46562 ‡tbiblio

Additional Resources